Village ABC / (Record no. 9882)
[ view plain ]
| 000 -LEADER | |
|---|---|
| fixed length control field | 00279cam a2200121ua 4500 |
| 082 ## - DEWEY DECIMAL CLASSIFICATION NUMBER | |
| Classification number | 630.954 |
| Item number | BRA/VI |
| 100 ## - MAIN ENTRY--AUTHOR NAME | |
| Personal name | Brayne, F L . |
| 245 ## - TITLE STATEMENT | |
| Title | Village ABC / |
| 250 ## - EDITION STATEMENT | |
| Edition statement | 1 / |
| 260 ## - PUBLICATION, DISTRIBUTION, ETC. (IMPRINT) | |
| Place of publication | London : |
| Name of publisher | Oxford University Press , |
| Year of publication | 1950. |
| 300 ## - PHYSICAL DESCRIPTION | |
| Number of Pages | 136 ; . |
| 942 ## - ADDED ENTRY ELEMENTS (KOHA) | |
| Koha item type | Reference |
| Withdrawn status | Lost status | Damaged status | Collection code | Home library | Current library | Shelving location | Date acquired | Full call number | Accession Number | Koha item type |
|---|---|---|---|---|---|---|---|---|---|---|
| Reference | KAUAET | KAUAET | Reference | 07/04/2012 | 630.954.BRA/VI | 4900 | Reference |
